000 00280nam a2200121Ia 4500
008 190902s9999||||xx |||||||||||||| ||und||
020 _a007-123932-4
100 _aPaul A. Samuelson
245 0 _aEconomics
260 _aIndia
_bThe McGraw-Hill
_c2005
300 _a776
942 _cBK
999 _c2698
_d2698